Normal view
MARC view
- BLODGETT, RALPH ,ROSENTHAL, EMILY
Entry Personal Name
001 - CONTROL NUMBER
- control field: 61772
003 - CONTROL NUMBER IDENTIFIER
- control field: NUST
005 - DATE AND TIME OF LATEST TRANSACTION
- control field: 20210628202820.0
008 - FIXED-LENGTH DATA ELEMENTS
- fixed length control field: 210628|| aca||aabn | a|a d
040 ## - CATALOGING SOURCE
- Original cataloging agency: NUST
- Transcribing agency: NUST
100 ## - HEADING--PERSONAL NAME
- Personal name: BLODGETT, RALPH ,ROSENTHAL, EMILY
670 ## - SOURCE DATA FOUND
- Source citation: Work cat.: (NUST): BLODGETT, RALPH ,ROSENTHAL, EMILY, HARDDISK MANAGEMENT ,FOR IBM PC PS/2 AND COMPUTERS, 1989
